Представление документа в формате RUSMARC

ПолеНазваниеЗначение
  Тип записи a
  Библиографический уровень m
001 Контрольный номер RU/УОНБ/EK_N/624619576
005 Дата корректировки 20240130235139.7
010 Индекс ISBN __
9 Тираж 1500 экз.
013 Номер (ISMN) __
d Цена 30 р.
071 Издательские номер (звукозапись и ноты) 21
a Номер, присвоенный агентством 10089
100 Данные общей обработки __
a Данные общей обработки 20191017d2004 u y0rusy0189||||ca
101 Язык документа 0_
a Язык текста rus
f Язык титульного листа rus
102 Страна публикации __
a Страна публикации RU
105 Кодированные данные (монография) __
a Кодированные данные (монография) y###||||000|y
125 Кодированные данные звукозаписи и нотных изданий __
a Форма изложения нотного текста с|
128 Кодированные данные (звукозаписи-физические характеристики) __
a Кодированные данные: Музыкальная форма и тональность или лад zz
c Инструменты или голоса, рекомендуемые для солистов (устаревшее) ka||
200 Заглавие и сведения об ответственности 1_
a Заглавие Вып. 1
b Общее обозначение материала Ноты
210 Выходные данные 1_
d Дата издания 2004
215 Физическое описание __
a Объем 24 с.
c Иллюстрации/тип воспроизводства ил.
327 Примечание о содержании 11
a Примечание о содержании Содерж. : Вивальди А. Сицилиана из Концерта d-moll / обраб. для органа И. С. Баха ; перелож. А. Немеровского. - Бах И. С. Прелюдия C-dur из 1 т. "Хорошо темперированного клавира". - Бах К. Ф. Э. Сольфеджио. - Боккерини Л. Менуэт. - Шопен Ф. Два забытых вальса. - Фибих З. Поэма. - Штраус Й. Персидский марш : Ор. 288. - Верди Дж. Песенка Герцога из оперы "Риголетто".
461 Уровень набора _0
1 001RU/УОНБ/EK_N/624619074
1 200
a Нескучная классика для всех
b Ноты
e ноты с картинками и любопытными историями
e для фп.
f сост. С. А. Чернышков
g авт. лит. текстов О. И. Шаповалова
v Вып. 1
1 210
a М.
c Классика-XXI
d 2004 -
464 Аналитический уровень _0
1 2001
a Сицилиана
e из Концерта d-moll
1 700 1
a Вивальди
b А.
1 702 1
a Бах
b И. С.
4 030
1 702 1
a Немеровский
b А.
4 030
464 Аналитический уровень _0
1 2001
a Прелюдия C-dur
e из 1 т. "Хорошо темперированного клавира"
1 700 1
a Бах
b И. С.
1 50010
a Хорошо темперированный клавир
464 Аналитический уровень _0
1 2001
a Сольфеджио
1 700 1
a Бах
b К. Ф. Э.
464 Аналитический уровень _0
1 2001
a Менуэт
1 700 1
a Боккерини
b Л.
464 Аналитический уровень _0
1 2001
a Два забытых вальса
1 700 1
a Шопен
b Ф.
464 Аналитический уровень _0
1 2001
a Поэма
1 700 1
a Фибих
b З.
464 Аналитический уровень _0
1 2001
a Персидский марш
e Ор. 288
1 700 1
a Штраус
b Й.
464 Аналитический уровень _0
1 2001
a Песенка Герцога
e Сердце красавиц склонно к измене...
e из оперы "Риголетто"
1 700 1
a Верди
b Дж.
1 50010
a Риголетто
512 Заглавие обложки 1_
a Заглавие обложки Нескучная классика для всех
606 Тематические рубрики 0_
a Основная рубрика Фортепианная музыка зарубежная
610 Ключевые слова 0_
a Ключевые слова фортепианная музыка зарубежная
686 Индексы других классификаций __
a Классификационный индекс 85.954.2я43
2 Код системы rubbk
801 Источник записи _0
a Страна RU
b Организация Ульяновская ОНБ
c Дата составления 20191017
g Правила каталогизации RCR
801 Источник записи _1
a Страна RU
b Организация Ульяновская ОНБ
c Дата составления 20191017
g Правила каталогизации RCR
901 Тип документа __
t Тип документа n
w Контрольный № источника RU/УОНБ/EK_N/624619074
909 Создатель записи __
a Создатель записи Грязнова И. Е.
938 Служебная информация __
a Имя БД noti
b Имя библиотеки УОНБ
c Имя АИБС МАРК-SQL
d Номер DOC_ID в БД 21354